La escuela de los niños : cómo impulsar un proyecto educativo, social y comunitario /
Guardado en:
| Autor Principal: | |
|---|---|
| Formato: | Libro |
| Publicado: |
Buenos Aires :
Novedades Educativas
|
| Series: | Colección Gestión Institucional
|
| Materias: | |
| Etiquetas: |
Agregar Etiqueta
Sin Etiquetas, Sea el primero en etiquetar este registro!
|
| LEADER | 00711nam a22002055a 4500 | ||
|---|---|---|---|
| 001 | CEM.cems011111 | ||
| 005 | 20071127151439.0 | ||
| 008 | 130507b######################000#0#####d | ||
| 003 | CEMS | ||
| 020 | |a 9879191234 | ||
| 082 | 0 | 4 | |a 371.2 |
| 100 | 1 | |a Schenck, Lía | |
| 245 | 1 | 0 | |a La escuela de los niños : |b cómo impulsar un proyecto educativo, social y comunitario / |c Lía Schenck |
| 260 | |a Buenos Aires : |b Novedades Educativas | ||
| 300 | |a 173 p. | ||
| 490 | 0 | |a Colección Gestión Institucional | |
| 505 | 0 | |a La escuela -- Toda la escuela es un taller -- La familia -- Proyectos especiales | |
| 653 | |a Educación | ||
| 653 | |a Proyecto educativo | ||
| 859 | |a CEMS |b BIB. CEMS - 11 de abril |h 371.2 |i Sch27 |p 21875.02 |t Ej.1 | ||
